| 000 | 00415nam a2200145Ia 4500 | ||
|---|---|---|---|
| 008 | 220216s9999 xx 000 0 und d | ||
| 100 | _aVoyutskii S S | ||
| 245 | 0 | _aEffects of self-diffusion and inter-diffusion in polymer systems (1964 reviews) | |
| 260 |
_bRubber Chemistry and Technology _c1964 |
||
| 300 | _a1153-1177 | ||
| 650 | _a1964 reviews | ||
| 650 | _aDiffusion | ||
| 700 | _aVakula V I | ||
| 942 | _cJS | ||
| 999 |
_c58376 _d58376 |
||